Statistics for Sunniest Global Cities

Click here to take the quiz!

General Stats

  • This quiz has been taken 53 times
  • The average score is 9 of 15

Answer Stats

HoursAnswer% Correct
3451Cairo
89%
3570Dubai
85%
3224Riyadh
80%
3433Doha
78%
3462Abu Dhabi
74%
3254Los Angeles
70%
3888Jeddah
67%
3872Phoenix
67%
3290Amman
61%
3354Manama
57%
3493Muscat
57%
3311Tel Aviv
57%
3314Nicosia
26%
3608Sacramento
22%
3310Limassol
9%

Score Distribution

Percentile by Number Answered

Percent of People with Each Score

Your Score History

You have not taken this quiz